000 00478nam a2200169Ia 4500
008 230711s9999||||xx |||||||||||||| ||und||
020 _a978-0-470-68895-3
041 _aENG
082 _a724.6
_bJE-T
100 _aJencks,Charles
245 4 _aThe story of Post-Modernism : Five Decades of the Ironic, Iconic and Critical in Architecture
250 _a1st Ed.
260 _c2011
_aNew Jersy
_bJohn Wiley & Sons.Inc
300 _a272p.
650 _aArchitecture
942 _cBK
999 _c6456
_d6456